000 02125nas a2200505 i 4500
999 _c69310
_d69310
001 67171
003 Mx-PuUPA
005 20201201121822.0
008 170418c19769999mx wr pdd 0 a0spa d
022 _a1665-9309
024 8 _2acnp
_a3128424
040 _aMx-PuUPA
_bspa
_cMx-PuUPA
_dMx-PuUPA
_erda
041 0 _aspa
082 0 4 _a320.972
130 0 _aProceso
210 1 _aProceso
_b(México, D.F.)
222 0 _aProceso
_b(revista)
245 1 0 _aProceso :
_bsemanario de información y análisis
246 1 3 _aProceso revista mexicana
246 1 3 _aRevista proceso
246 1 0 _aSemanario de información y análisis
264 2 _aMéxico, D.F. :
_bCISA Comunicación e Información,
_c1976-
264 1 _aMéxico, D.F. :
_bEdiciones proceso,
_c1976-
310 _aSemanal
336 _atexto
_2rdacontent
_btxt
337 _asin medio
_2rdamedia
_bn
337 _acomputadora
_2rdamedia
_bc
338 _avolumen
_2rdacarrier
_bnc
338 _aremoto
_2rdacarrier
_bcr
362 1 _aEmpezó en noviembre de 1976-
500 _aFundador: Julio Scherer García (1926-2015).
500 _aDirector: Año 38, edición especial 50 (agosto 2015)- , Rafael Rodríguez Castañeda.
500 _aEditor: Año 38, edición especial 50 (agosto 2015)- , Marco Antonio Cruz.
500 _aCada número tiene un título temático.
515 _aAlgunos ejemplares aparece el Año.
515 _aAño, 33, no. 29, consta de dos partes.
525 _aTiene numerosos suplementos.
530 _aPublicada en formato electrónico.
588 1 _aDescripción basada en: año. 1, no. 1 (noviembre, 1976)- ; título de la cubierta.
650 4 _aPublicaciones periódicas mexicanas
_vCiudad de México
651 4 _aMéxico
_xPolítica y gobierno
_vPublicaciones periódicas
856 4 1 _abiblioteca.upaep.mx/
_uhttp://ezproxy.upaep.mx:2144/proceso/
_yAcceso a la versión electrónica a través de Bibliotecas UPAEP siguiendo la ruta: lo que tenemos para ti - revistas electrónicas - Procesos
_z-- Usar ID / contraseña de UNISOFT
942 _2ddc
_cISSUE
_h320.972
_s1
998 _cbalv